| 000 | 00940nam a2200193Ia 4500 | ||
|---|---|---|---|
| 001 | 21903 | ||
| 003 | GE_BSU | ||
| 008 | 181216s||||||||xx |||||||||||||| ||und|| | ||
| 040 | _cGE_BSU | ||
| 080 | _aპერიოდიკა | ||
| 245 | _aსაქართველოს სოფლის მეურნეობის მეცნიერებათა აკადემია. მოამბე. 30 | ||
| 245 | _cმთავ. რედ. ჭალაგანიძე შ. | ||
| 250 | _aსაქართველოს სოფლის მეურნეობის მეცნიერებათა აკადემია | ||
| 260 | _aთბილისი | ||
| 260 | _c2012 | ||
| 300 | _a436 გვ. 30 სმ. | ||
| 653 | _aსაქართველოს სოფლის მეურნეობის მეცნიერებათა აკადემია. მოამბე. 30 | ||
| 942 | _cCR | ||
| 999 |
_c54834 _d54834 |
||